Ústava Slovenskej republiky komentár
Enregistré dans:
| Auteur principal: | |
|---|---|
| Format: | Livre |
| Langue: | slovaque |
| Publié: |
Šamorín
HEURÉKA
2012
|
| Édition: | 3. vyd. |
| Sujets: | |
| Tags: |
Pas de tags, Soyez le premier à ajouter un tag!
|
MARC
| LEADER | 00000nam a2200000 4500 | ||
|---|---|---|---|
| 001 | 0172033 | ||
| 005 | 20240318130039.4 | ||
| 020 | |a 80-89122-73-8 | ||
| 041 | 0 | |a slo | |
| 044 | |a SK | ||
| 245 | 1 | 0 | |a Ústava Slovenskej republiky |b komentár |c Ján Drgonec |
| 250 | |a 3. vyd. | ||
| 264 | 1 | |a Šamorín |b HEURÉKA |c 2012 | |
| 300 | |a 1620 s. | ||
| 610 | 2 | 0 | |a ústava |
| 610 | 2 | 0 | |a právo ústavné |
| 610 | 2 | 0 | |a zákony |
| 610 | 2 | 0 | |a štát |
| 610 | 2 | 0 | |a právo štátne |
| 610 | 2 | 0 | |a Slovensko |
| 610 | 2 | 0 | |a 2012 |
| 100 | 1 | |a Drgonec, Ján | |